Eispiraten Crimmitschau Team 2022/23 - Statistiken

Allgemein
  • Dieses Quiz wurde 5 mal gespielt
  • Das Durchschnittsergebnis liegt bei 5 aus 10
Antwortstatistiken
Hint Antwort % Korrekt
#4 Felix Thomas
100%
#8 Dominic Walsh
75%
#79 Mario Scalzo
75%
#15 Ole Olleff
75%
#20 Christian Schneider
50%
#34 Ilya Sharipov
25%
#77 Luca Tuchel
25%
#3 Nick Walters
25%
#44 Taylor Doherty
25%
#30 Yannic Schulze
25%
Keine übereinstimmenden Quizze gefunden
Verteilung der Resultate
Anzahl Personen mit jedem Resultat
Perzentil nach korrekt beantworteten Fragen
Ihre Resultats-Entwicklung
Sie haben dieses Quiz noch nicht gespielt